[Event "St-Jean CC-ch 2003-04"]
[Site "St-Jean-sur-Richelieu CAN"]
[Date "2004.01.17"]
[Round "3"]
[White "Denicourt, Bruno"]
[Black "Dubois, Real"]
[Result "1-0"]
[WhiteElo "1594"]
[BlackElo "1165"]
[PlyCount "105"]
[EventDate "2003.11.26"]
[EventType "swiss"]
[EventRounds "6"]
[EventCountry "CAN"]

1. e4 e5 2. Nf3 d6 3. d4 exd4 4. Nxd4 Be7 5. Bc4 Nf6 6. Nc3 c6 7. O-O O-O 8.
Re1 Bg4 9. Nf3 a5 10. a4 Na6 11. Be2 Nc5 12. Nd4 Bd7 13. Bf3 Ne6 14. Nf5 Re8
15. Nxd6 Bxd6 16. Qxd6 Nf8 17. Bg5 Re6 18. Qd4 Qc7 19. e5 c5 20. Qf4 Ng6 21.
Qg3 Ne8 22. Bg4 Rxe5 23. Rxe5 Nxe5 24. Bf4 Bxg4 25. Bxe5 Qd7 26. h3 Bf5 27. Rd1
Qe6 28. Rc1 Rd8 29. Qe3 b6 30. Nb5 Qg6 31. Nc7 Bxc2 32. Bg3 f6 33. Qe6+ Kh8 34.
Qe7 Rd1+ 35. Rxd1 h6 36. Rd8 Bxa4 37. Rxe8+ Bxe8 38. Qxe8+ Qxe8 39. Nxe8 b5 40.
Bc7 a4 41. Bd6 c4 42. Nc7 b4 43. Bxb4 Kg8 44. Nb5 Kf7 45. Nd6+ Ke6 46. Nxc4 Kd5
47. Nb6+ Kc6 48. Nxa4 Kb5 49. Bf8 Kxa4 50. Bxg7 f5 51. Bxh6 Kb3 52. Bg7 Ka2 53.
b4 1-0

[Event "St-Jean CC-ch 2003-04"]
[Site "St-Jean-sur-Richelieu CAN"]
[Date "2004.01.17"]
[Round "3"]
[White "Kowalyszyn, Miguel"]
[Black "Royer, Christian"]
[Result "1-0"]
[WhiteElo "1635"]
[BlackElo "1189"]
[PlyCount "41"]
[EventDate "2003.11.26"]
[EventType "swiss"]
[EventRounds "6"]
[EventCountry "CAN"]

1. d4 d6 2. c4 Nf6 3. Nf3 g6 4. Bg5 Bg7 5. Nc3 O-O 6. Qd2 Re8 7. Bh6 Bh8 8. e3
Bg4 9. Bd3 Bxf3 10. gxf3 e5 11. O-O-O Nbd7 12. Bg5 a6 13. h4 h5 14. Rhg1 Rb8
15. Qc2 Nf8 16. Nd5 N8h7 17. Bh6 Nf8 18. Bxg6 e4 19. Bxe4+ Ng6 20. Bxg6 Bg7 21.
Bh7+ 1-0

[Event "St-Jean CC-ch 2003-04"]
[Site "St-Jean-sur-Richelieu CAN"]
[Date "2004.01.17"]
[Round "3"]
[White "Mongeau, Diane"]
[Black "Barre, Michel"]
[Result "0-1"]
[WhiteElo "1937"]
[BlackElo "1927"]
[PlyCount "141"]
[EventDate "2003.11.26"]
[EventType "swiss"]
[EventRounds "6"]
[EventCountry "CAN"]

1. d4 d5 2. Nf3 Nf6 3. c3 c6 4. Bf4 Bf5 5. Nbd2 Nbd7 6. e3 Ne4 7. Nh4 e6 8.
Nxf5 exf5 9. f3 Nxd2 10. Qxd2 g6 11. Bd3 Qe7 12. O-O Bg7 13. Rfe1 O-O 14. e4
fxe4 15. fxe4 dxe4 16. Rxe4 Qd8 17. Rae1 Nf6 18. Re7 b5 19. Bg5 Qa5 20. b4 Qa3
21. Bxf6 Bxf6 22. R7e2 a5 23. bxa5 Rxa5 24. Be4 c5 25. Rf1 Bg7 26. Bd5 Ra7 27.
Bb3 c4 28. Bd1 Qd6 29. Qb2 Rb7 30. Rd2 Rd8 31. Bf3 Rbb8 32. a3 Re8 33. Qb4 Bf8
34. Qxd6 Bxd6 35. Bd5 Re7 36. Rdf2 Rf8 37. Ra2 Ra7 38. Rfa1 Ra4 39. Bf3 Rd8 40.
Kf2 f5 41. g3 Kf8 42. Ke3 Ke7 43. Bd1 Ra6 44. a4 b4 45. cxb4 Bxb4 46. Rc1 Re6+
47. Kf3 Rxd4 48. Be2 c3 49. a5 Rd2 50. Rxd2 cxd2 51. Rc7+ Kd8 52. Rxh7 Bxa5 53.
Kf2 Bb6+ 54. Kf1 Ke8 55. h4 Re3 56. Rb7 Bd4 57. Rb1 Rxg3 58. Bb5+ Ke7 59. Ke2
Be3 60. Rh1 f4 61. Bc6 Kd6 62. Ba8 Ke5 63. h5 gxh5 64. Rxh5+ Kd4 65. Rh1 Kc3
66. Be4 Bg1 67. Kd1 Re3 68. Rxg1 Rxe4 69. Rf1 Kd3 70. Rf3+ Re3 71. Rf1 0-1

[Event "St-Jean CC-ch 2003-04"]
[Site "St-Jean-sur-Richelieu CAN"]
[Date "2004.01.17"]
[Round "3"]
[White "Mongeau, Melissa"]
[Black "Audet, Michel"]
[Result "0-1"]
[WhiteElo "1391"]
[BlackElo "1699"]
[PlyCount "50"]
[EventDate "2003.11.26"]
[EventType "swiss"]
[EventRounds "6"]
[EventCountry "CAN"]

1. e4 Nf6 2. d3 d6 3. Nc3 g6 4. Nf3 Bg7 5. Be2 a6 6. Be3 b5 7. a3 Bb7 8. Qd2 h6
9. h3 Nbd7 10. g4 c5 11. Rb1 Rc8 12. b3 d5 13. exd5 Nxd5 14. Nxd5 Bxd5 15. c4
Bb7 16. Rg1 Qb6 17. d4 Bxf3 18. dxc5 Qf6 19. Rd1 Bc6 20. cxb5 axb5 21. Rc1 Qb2
22. Qb4 Rb8 23. g5 hxg5 24. Bxg5 Rxh3 25. Be3 Rxe3 0-1

[Event "St-Jean CC-ch 2003-04"]
[Site "St-Jean-sur-Richelieu CAN"]
[Date "2004.01.17"]
[Round "3"]
[White "Morin, Gaetan"]
[Black "Maxant, Joseph"]
[Result "1/2-1/2"]
[WhiteElo "1697"]
[BlackElo "1786"]
[PlyCount "48"]
[EventDate "2003.11.26"]
[EventType "swiss"]
[EventRounds "6"]
[EventCountry "CAN"]

1. e4 e6 2. b3 d5 3. Bb2 dxe4 4. Nc3 f5 5. f3 exf3 6. Nxf3 Nf6 7. Bd3 Nc6 8.
Qe2 Qe7 9. O-O-O Bd7 10. Rde1 O-O-O 11. Bc4 Re8 12. Ng5 Nd8 13. Qf2 Qc5 14. d4
Qa5 15. Re5 Ng4 16. Rxa5 Nxf2 17. Re1 h6 18. Nf3 Nc6 19. Ra4 Nb4 20. Rxa7 Kb8
21. Ra5 Nc6 22. Ra4 Na7 23. Ra5 Nc6 24. Ra4 Nb4 1/2-1/2

[Event "St-Jean CC-ch 2003-04"]
[Site "St-Jean-sur-Richelieu CAN"]
[Date "2004.02.14"]
[Round "4"]
[White "Audet, Michel"]
[Black "Morin, Gaetan"]
[Result "1-0"]
[WhiteElo "1699"]
[BlackElo "1697"]
[PlyCount "49"]
[EventDate "2003.11.26"]
[EventType "swiss"]
[EventRounds "6"]
[EventCountry "CAN"]

1. e4 c5 2. Nf3 g6 3. d4 cxd4 4. Qxd4 Nf6 5. e5 Nc6 6. Qh4 Nxe5 7. Be2 Nxf3+ 8.
Bxf3 Bg7 9. O-O O-O 10. c3 d6 11. Be3 Qc7 12. Na3 a6 13. Nc4 Be6 14. Nd2 Rac8
15. Rfe1 Bd5 16. Bxd5 Nxd5 17. Bh6 Nf6 18. h3 Rfe8 19. g4 b5 20. a3 Qb7 21. Re3
Rc5 22. Rae1 e6 23. Rf3 Bxh6 24. Qxh6 Rd5 25. Rxf6 1-0

[Event "St-Jean CC-ch 2003-04"]
[Site "St-Jean-sur-Richelieu CAN"]
[Date "2004.02.14"]
[Round "4"]
[White "Barre, Michel"]
[Black "Kowalyszyn, Miguel"]
[Result "1-0"]
[WhiteElo "1927"]
[BlackElo "1635"]
[PlyCount "136"]
[EventDate "2003.11.26"]
[EventType "swiss"]
[EventRounds "6"]
[EventCountry "CAN"]

1. d4 Nf6 2. Nf3 e6 3. e3 d5 4. Bd3 Nbd7 5. O-O Ne4 6. Nbd2 Ndf6 7. Ne5 Bd6 8.
f3 Nxd2 9. Bxd2 O-O 10. c4 c5 11. Qc2 cxd4 12. exd4 dxc4 13. Nxc4 Be7 14. Be3
Bd7 15. Ne5 Rc8 16. Qb3 Bc6 17. Rac1 Bd5 18. Qa4 Qb6 19. b3 Bd6 20. Nc4 Qd8 21.
Nxd6 Qxd6 22. Rxc8 Rxc8 23. Qxa7 Rc3 24. Rc1 Rxc1+ 25. Bxc1 g6 26. Qa8+ Qf8 27.
Qa5 Kg7 28. Bf4 Nh5 29. Be5+ f6 30. Bc7 g5 31. Kf2 Nf4 32. Bxf4 gxf4 33. Qc7+
Qf7 34. Qxf7+ Kxf7 35. Ke2 f5 36. Kd2 Ke7 37. Kc3 Kd6 38. Kb4 Bc6 39. Bc4 h5
40. h4 Bd7 41. a4 b6 42. Bb5 Bc8 43. Kc4 Bb7 44. b4 Bd5+ 45. Kc3 e5 46. dxe5+
Kxe5 47. Be8 Kf6 48. Bxh5 Bc6 49. a5 bxa5 50. bxa5 Bb5 51. Kd4 Bf1 52. Kc5 Kg7
53. Kb6 Kh6 54. Be8 Bxg2 55. Bc6 Bf1 56. a6 Bxa6 57. Kxa6 Kh5 58. Kb6 Kxh4 59.
Kc5 Kh5 60. Kd6 Kh6 61. Ke5 Kg5 62. Bd7 Kg6 63. Kxf4 Kf6 64. Bxf5 Kf7 65. Bd3
Kf6 66. Bc4 Kg7 67. Kf5 Kf8 68. Kf6 Ke8 1-0

[Event "St-Jean CC-ch 2003-04"]
[Site "St-Jean-sur-Richelieu CAN"]
[Date "2004.02.14"]
[Round "4"]
[White "Bellerose, Robert"]
[Black "Paradis, Martin"]
[Result "1-0"]
[WhiteElo "1683"]
[BlackElo "1294"]
[PlyCount "122"]
[EventDate "2003.11.26"]
[EventType "swiss"]
[EventRounds "6"]
[EventCountry "CAN"]

1. c4 e5 2. Nc3 c6 3. Nf3 d6 4. e4 Na6 5. Be2 Nc7 6. O-O Be6 7. Re1 Be7 8. d4
h6 9. dxe5 dxe5 10. Nxe5 Qxd1 11. Rxd1 Nf6 12. Be3 Nd7 13. Bf4 O-O-O 14. Nxd7
Rxd7 15. Rxd7 Bxd7 16. Rd1 h5 17. a3 Ne6 18. Be3 b6 19. b4 Kc7 20. f4 g6 21. e5
Ra8 22. Ne4 a5 23. Bxb6+ Kxb6 24. Rxd7 axb4 25. axb4 Bxb4 26. g3 Ra7 27. Rd1 c5
28. Rd6+ Kc7 29. Nf6 Ra1+ 30. Rd1 Rxd1+ 31. Bxd1 Ba3 32. Ne8+ Kb6 33. Nd6 Ka5
34. Nxf7 Nd4 35. Nd6 Kb4 36. g4 hxg4 37. Bxg4 Bc1 38. f5 gxf5 39. Nxf5 Kxc4 40.
h3 Kd5 41. Nxd4 cxd4 42. e6 Bg5 43. Kf1 d3 44. Ke1 Kd4 45. Kd1 Kc3 46. Bf5 d2
47. Ke2 Kb2 48. Bg4 Kc1 49. Kf2 d1=Q 50. Bxd1 Kxd1 51. Kg3 Kd2 52. h4 Bf6 53.
h5 Ke3 54. h6 Ke4 55. h7 Ke5 56. e7 Bxe7 57. h8=Q+ Bf6 58. Qh5+ Ke6 59. Kf4 Ke7
60. Qd5 Kf8 61. Kf5 Be7 1-0

[Event "St-Jean CC-ch 2003-04"]
[Site "St-Jean-sur-Richelieu CAN"]
[Date "2004.02.14"]
[Round "4"]
[White "Boileau, Samuel"]
[Black "Boucher, Bruno"]
[Result "1-0"]
[WhiteElo "1868"]
[BlackElo "1479"]
[PlyCount "115"]
[EventDate "2003.11.26"]
[EventType "swiss"]
[EventRounds "6"]
[EventCountry "CAN"]

1. f4 d5 2. Nf3 Nc6 3. b3 Bg4 4. Bb2 Bxf3 5. exf3 Nf6 6. Bb5 e6 7. Qe2 Bd6 8.
g3 a6 9. Bxc6+ bxc6 10. c4 O-O 11. O-O Re8 12. Re1 Bc5+ 13. d4 Bb4 14. Bc3 c5
15. Bxb4 cxb4 16. a3 a5 17. Nd2 Qd6 18. c5 Qa6 19. Qxa6 Rxa6 20. axb4 Rea8 21.
b5 R6a7 22. Nb1 Nd7 23. Nc3 Kf8 24. Ra4 c6 25. b6 Ra6 26. Rea1 Ke7 27. b4 Nxb6
28. cxb6 Rxb6 29. bxa5 Rb3 30. R4a3 Rb4 31. Ra4 Rb3 32. R1a3 Rb2 33. a6 Kd7 34.
a7 Kc7 35. Nd1 Rb1 36. Ra1 Rxa1 37. Rxa1 Kb7 38. Kf2 Rxa7 39. Rxa7+ Kxa7 40.
Ke3 Kb6 41. Kd3 c5 42. dxc5+ Kxc5 43. Kc3 f6 44. Nf2 h5 45. Nd3+ Kd6 46. Kd4 g5
47. h4 gxh4 48. gxh4 Kc6 49. Nf2 Kd6 50. Nh1 e5+ 51. fxe5+ fxe5+ 52. Ke3 Ke6
53. Ng3 Kf6 54. Nxh5+ Kf5 55. Ng3+ Kg6 56. f4 e4 57. Kd4 Kf6 58. Kxd5 1-0

[Event "St-Jean CC-ch 2003-04"]
[Site "St-Jean-sur-Richelieu CAN"]
[Date "2004.02.14"]
[Round "4"]
[White "Denicourt, Bruno"]
[Black "Mongeau, Diane"]
[Result "1-0"]
[WhiteElo "1594"]
[BlackElo "1937"]
[PlyCount "100"]
[EventDate "2003.11.26"]
[EventType "swiss"]
[EventRounds "6"]
[EventCountry "CAN"]

1. e4 g6 2. Nf3 Bg7 3. g3 c5 4. d3 Nc6 5. Bg2 d6 6. Nc3 e6 7. O-O Nge7 8. Re1
Rb8 9. a4 O-O 10. Ne2 f5 11. Nf4 e5 12. Nd5 h6 13. h4 Be6 14. Nh2 Qd7 15. f4
fxe4 16. dxe4 Bh3 17. c3 Bxg2 18. Kxg2 exf4 19. gxf4 Rf7 20. Be3 Qe6 21. Qf3
Rbf8 22. Rad1 Ne5 23. Qh3 Qxh3+ 24. Kxh3 Nc4 25. Bc1 Nc6 26. Ng4 h5 27. Nge3
Nxe3 28. Rxe3 Bh6 29. Rg3 Kh7 30. Rdg1 Re8 31. f5 gxf5 32. Bxh6 Ne5 33. Bg5 Ng4
34. exf5 Rxf5 35. Ne3 Rxg5 36. hxg5 Rxe3 37. Rxe3 Nxe3 38. Re1 Nc4 39. Re2 Kg6
40. Kh4 Ne5 41. Rf2 Ng4 42. Rf1 a6 43. Rd1 Ne5 44. Rxd6+ Kf7 45. Rb6 Nc4 46.
Rxb7+ Kg6 47. b3 Nd2 48. Rb6+ Kg7 49. Kxh5 Ne4 50. Rb7+ Kf8 1-0

[Event "St-Jean CC-ch 2003-04"]
[Site "St-Jean-sur-Richelieu CAN"]
[Date "2004.02.14"]
[Round "4"]
[White "Maxant, Joseph"]
[Black "Philipps, Sacha"]
[Result "1-0"]
[WhiteElo "1786"]
[BlackElo "1362"]
[PlyCount "113"]
[EventDate "2003.11.26"]
[EventType "swiss"]
[EventRounds "6"]
[EventCountry "CAN"]

1. e4 c5 2. Nf3 Nc6 3. Bb5 d6 4. O-O g6 5. d4 Bd7 6. c3 cxd4 7. cxd4 Bg7 8. Be3
Nf6 9. Nc3 a6 10. Bxc6 bxc6 11. h3 O-O 12. Re1 Ne8 13. Qd2 Nc7 14. Bh6 f6 15.
Bxg7 Kxg7 16. e5 d5 17. Re2 f5 18. Na4 Ne6 19. Ng5 Nxg5 20. Qxg5 e6 21. Qxd8
Rfxd8 22. Rc1 Rdb8 23. a3 g5 24. Rec2 Ra7 25. Nc5 Be8 26. Nd3 Bd7 27. Nb4 Rc8
28. Nxc6 Rac7 29. Nb4 Rxc2 30. Rxc2 Rxc2 31. Nxc2 Bb5 32. f3 h5 33. Kf2 Kf7 34.
g3 Bc4 35. f4 g4 36. hxg4 hxg4 37. Ke3 Ke7 38. Kd2 Kd7 39. Kc3 Kc7 40. Ne1 Bf1
41. Nd3 Bxd3 42. Kxd3 Kb6 43. Kc3 Kb5 44. Kb3 Ka5 45. a4 Kb6 46. Kb4 a5+ 47.
Ka3 Ka6 48. b4 axb4+ 49. Kxb4 Kb6 50. a5+ Ka6 51. Ka4 Ka7 52. Kb5 Kb7 53. a6+
Ka7 54. Ka5 Ka8 55. Kb6 Kb8 56. Kc6 Ka7 57. Kd6 1-0

[Event "St-Jean CC-ch 2003-04"]
[Site "St-Jean-sur-Richelieu CAN"]
[Date "2004.02.14"]
[Round "4"]
[White "McAlpin, John-Francis"]
[Black "Robichaud, Jocelyn"]
[Result "1-0"]
[WhiteElo "1855"]
[BlackElo "1430"]
[PlyCount "79"]
[EventDate "2003.11.26"]
[EventType "swiss"]
[EventRounds "6"]
[EventCountry "CAN"]

1. d4 d5 2. c4 c6 3. cxd5 cxd5 4. Nc3 Nf6 5. Nf3 Nc6 6. Bf4 e6 7. e3 a6 8. a3
Be7 9. Bd3 O-O 10. O-O Bd7 11. Rc1 b5 12. b4 Rc8 13. Bb1 Na7 14. Qd3 Rc6 15.
Ne5 Rc8 16. Bg5 g6 17. Ne2 Ne8 18. Bh6 Ng7 19. Nf4 Be8 20. g3 Bg5 21. Bxg5 Qxg5
22. h4 Qd8 23. h5 Nf5 24. hxg6 hxg6 25. Nexg6 Qg5 26. Nxf8 Kxf8 27. Ng2 Ke7 28.
Rxc8 Nxc8 29. Qc3 Ncd6 30. Bxf5 Qxf5 31. Nh4 Qg4 32. Kg2 Nc4 33. Nf3 Qe4 34.
Rh1 f6 35. Rh4 Qb1 36. Nd2 Qe1 37. Rh7+ Bf7 38. Qc2 Qxd2 39. Qg6 Nxe3+ 40. Kh3
1-0

[Event "St-Jean CC-ch 2003-04"]
[Site "St-Jean-sur-Richelieu CAN"]
[Date "2004.02.14"]
[Round "4"]
[White "Royer, Christian"]
[Black "Dubois, Real"]
[Result "1-0"]
[WhiteElo "1189"]
[BlackElo "1165"]
[PlyCount "115"]
[EventDate "2003.11.26"]
[EventType "swiss"]
[EventRounds "6"]
[EventCountry "CAN"]

1. d4 d5 2. Nf3 Nf6 3. e3 e6 4. Bd3 Bd6 5. O-O O-O 6. c3 Nbd7 7. Nbd2 b6 8. e4
dxe4 9. Nxe4 Be7 10. Re1 Bb7 11. Bd2 c5 12. Nxf6+ Nxf6 13. Qe2 cxd4 14. Nxd4
Bd6 15. h3 a6 16. Rac1 Qb8 17. Bg5 Ne8 18. Qh5 g6 19. Qh6 Be5 20. Be7 Bg7 21.
Qe3 Nf6 22. Bxf8 Qxf8 23. c4 Nd7 24. Nxe6 fxe6 25. Qxe6+ Qf7 26. Qe7 Qxe7 27.
Rxe7 Nc5 28. Rc2 a5 29. Rce2 Ba6 30. Be4 Nxe4 31. R7xe4 Bf6 32. b3 Bb7 33. Re6
Bd8 34. Re8+ Kf7 35. Rh8 Kg7 36. Ree8 Kf7 37. Rxd8 Rxd8 38. Rxd8 Be4 39. Rb8
Bb1 40. a4 Bc2 41. Rxb6 h5 42. c5 Ke7 43. Rb7+ Kd8 44. b4 axb4 45. Rxb4 Kc7 46.
a5 Kc6 47. Rc4 Bd3 48. Rc3 Ba6 49. Kh2 Bb7 50. Kg3 Kb5 51. Kh4 Bc6 52. Kg5 Kxa5
53. Kxg6 Kb4 54. Rc1 Bxg2 55. c6 Bxh3 56. c7 Bc8 57. Kxh5 Kb5 58. f4 1-0

[Event "St-Jean CC-ch 2003-04"]
[Site "St-Jean-sur-Richelieu CAN"]
[Date "2004.03.13"]
[Round "5"]
[White "Barre, Michel"]
[Black "Denicourt, Bruno"]
[Result "0-1"]
[WhiteElo "1927"]
[BlackElo "1594"]
[PlyCount "76"]
[EventDate "2003.11.26"]
[EventType "swiss"]
[EventRounds "6"]
[EventCountry "CAN"]

1. d4 Nf6 2. Nf3 d6 3. c4 g6 4. Nc3 Bg7 5. e4 O-O 6. h3 e5 7. dxe5 dxe5 8. Qxd8
Rxd8 9. Bg5 Re8 10. Nd5 Nxd5 11. cxd5 f5 12. Bd3 f4 13. Rc1 h6 14. Bb5 c6 15.
dxc6 bxc6 16. Bc4+ Kf8 17. Bh4 g5 18. Nxg5 hxg5 19. Bxg5 Be6 20. h4 Bxc4 21.
Rxc4 Re6 22. g3 Bh6 23. gxf4 exf4 24. Ke2 Nd7 25. Rd1 Ne5 26. Rc5 Bxg5 27. hxg5
Kg7 28. Rd4 Kg6 29. Ra4 Nd7 30. Rca5 Ne5 31. Rxa7 Rxa7 32. Rxa7 Kxg5 33. b3 Ng6
34. f3 Rd6 35. a4 Nf8 36. Ra5+ Kg6 37. Rf5 Ne6 38. a5 Nd4+ 0-1

[Event "St-Jean CC-ch 2003-04"]
[Site "St-Jean-sur-Richelieu CAN"]
[Date "2004.03.13"]
[Round "5"]
[White "Boucher, Bruno"]
[Black "Bellerose, Robert"]
[Result "0-1"]
[WhiteElo "1479"]
[BlackElo "1683"]
[PlyCount "68"]
[EventDate "2003.11.26"]
[EventType "swiss"]
[EventRounds "6"]
[EventCountry "CAN"]

1. d4 d5 2. c4 e6 3. Nf3 Nf6 4. Nc3 c5 5. Bg5 cxd4 6. Qxd4 Nc6 7. Bxf6 gxf6 8.
Qd1 d4 9. Nb5 Qa5+ 10. Nd2 a6 11. Na3 Bxa3 12. bxa3 Qxa3 13. g3 e5 14. Bg2 Bf5
15. O-O O-O 16. Ne4 Kg7 17. Qd2 Rac8 18. Rab1 Qe7 19. Rb6 Rc7 20. Rc1 Be6 21.
c5 Na7 22. Nd6 Nc8 23. Rxb7 Nxd6 24. cxd6 Rxc1+ 25. Qxc1 Qxd6 26. Qb2 Bd5 27.
Rb6 Qc5 28. Bxd5 Qxd5 29. Rxa6 Rc8 30. h4 Qe4 31. f3 Qe3+ 32. Kg2 Rc1 33. Qb6
Qxe2+ 34. Kh3 Qxf3 0-1

[Event "St-Jean CC-ch 2003-04"]
[Site "St-Jean-sur-Richelieu CAN"]
[Date "2004.03.13"]
[Round "5"]
[White "Dubois, Real"]
[Black "Robichaud, Jocelyn"]
[Result "0-1"]
[WhiteElo "1165"]
[BlackElo "1430"]
[PlyCount "74"]
[EventDate "2003.11.26"]
[EventType "swiss"]
[EventRounds "6"]
[EventCountry "CAN"]

1. d4 d5 2. g3 Nf6 3. Bg2 Nc6 4. Nf3 e6 5. c3 Be7 6. O-O O-O 7. Bg5 h6 8. Bxf6
Bxf6 9. Qc2 b6 10. a3 Bb7 11. Nbd2 Rc8 12. Bh3 Na5 13. b4 Nc4 14. Nxc4 dxc4 15.
Bg2 b5 16. e4 Ba8 17. e5 Be7 18. Ne1 c6 19. a4 a5 20. bxa5 Qxa5 21. axb5 Qxa1
22. bxc6 Bxc6 23. Nf3 Qa8 24. Qe2 Rb8 25. Rc1 Rb6 26. Ne1 Rfb8 27. Bxc6 Qxc6
28. f4 Ba3 29. Rc2 Rb2 30. h4 Rxc2 31. Nxc2 Rb1+ 32. Kf2 Rb2 33. Ke3 Qa4 34.
Qd1 Qxc2 35. Qf1 Qxc3+ 36. Ke4 Qc2+ 37. Kf3 Rb3+ 0-1

[Event "St-Jean CC-ch 2003-04"]
[Site "St-Jean-sur-Richelieu CAN"]
[Date "2004.03.13"]
[Round "5"]
[White "Kowalyszyn, Miguel"]
[Black "Audet, Michel"]
[Result "0-1"]
[WhiteElo "1635"]
[BlackElo "1699"]
[PlyCount "60"]
[EventDate "2003.11.26"]
[EventType "swiss"]
[EventRounds "6"]
[EventCountry "CAN"]

1. d4 c5 2. d5 e6 3. dxe6 fxe6 4. Nf3 d5 5. e3 Bd6 6. c4 Bc7 7. cxd5 exd5 8.
Bb5+ Nc6 9. Nbd2 Nf6 10. b3 O-O 11. Bb2 Bg4 12. O-O Qe7 13. Bxc6 bxc6 14. Qc2
Rae8 15. Rac1 Bd6 16. Ng5 g6 17. h3 Bf5 18. Qd1 h6 19. Ngf3 Bd3 20. Nh4 g5 21.
Nb1 Bxb1 22. Rxb1 gxh4 23. Qd3 Qe4 24. Qe2 Re7 25. Rbd1 Qg6 26. b4 Ne4 27. bxc5
Bxc5 28. Qc2 Rf3 29. Kh1 Rxh3+ 30. Kg1 Rh1+ 0-1

[Event "St-Jean CC-ch 2003-04"]
[Site "St-Jean-sur-Richelieu CAN"]
[Date "2004.03.13"]
[Round "5"]
[White "Maxant, Joseph"]
[Black "Boileau, Samuel"]
[Result "1/2-1/2"]
[WhiteElo "1786"]
[BlackElo "1868"]
[PlyCount "102"]
[EventDate "2003.11.26"]
[EventType "swiss"]
[EventRounds "6"]
[EventCountry "CAN"]

1. e4 c5 2. c3 d6 3. d4 cxd4 4. cxd4 Nc6 5. Nc3 Bd7 6. Nf3 Nf6 7. Bf4 e6 8. Be2
Be7 9. O-O O-O 10. d5 Nb8 11. Qb3 b6 12. Rac1 e5 13. Bd2 Bg4 14. h3 Bxf3 15.
Bxf3 Nbd7 16. Na4 Nc5 17. Nxc5 bxc5 18. Qa3 a5 19. Qd3 Qb6 20. Rc2 Rfb8 21. Be2
Ne8 22. g4 Nc7 23. Rb1 Nb5 24. Bf1 Nd4 25. Rcc1 Ra7 26. Kg2 Rab7 27. Qa3 Bd8
28. Qa4 Kf8 29. f4 f6 30. f5 Qa7 31. Bc3 g6 32. fxg6 hxg6 33. Bxd4 cxd4 34. Qa3
Be7 35. Rc2 Rc7 36. Qd3 Rbc8 37. Rbc1 Qb7 38. Rxc7 Rxc7 39. Rxc7 Qxc7 40. Qd2
Kg7 41. a4 Qc5 42. Bb5 f5 43. gxf5 gxf5 44. Bd3 f4 45. Kf3 Kf6 46. h4 Qc8 47.
Qg2 Qc1 48. Qg5+ Kf7 49. Qh5+ Kg7 50. Qg4+ Kf8 51. Qf5+ Kg7 1/2-1/2

[Event "St-Jean CC-ch 2003-04"]
[Site "St-Jean-sur-Richelieu CAN"]
[Date "2004.03.13"]
[Round "5"]
[White "Mongeau, Diane"]
[Black "Royer, Christian"]
[Result "1-0"]
[WhiteElo "1937"]
[BlackElo "1189"]
[PlyCount "89"]
[EventDate "2003.11.26"]
[EventType "swiss"]
[EventRounds "6"]
[EventCountry "CAN"]

1. d4 d6 2. Nf3 Nf6 3. c3 g6 4. Bg5 Bg7 5. Nbd2 O-O 6. e4 c6 7. Be2 Bg4 8. O-O
Bxf3 9. Bxf3 e5 10. dxe5 dxe5 11. Qc2 Nbd7 12. Rad1 Qc7 13. Nc4 h6 14. Be3 Rfd8
15. b4 b6 16. Rd2 Nf8 17. Rfd1 Rxd2 18. Qxd2 h5 19. Bh6 Bh8 20. Qd6 Ne6 21.
Qxc7 Nxc7 22. Nxe5 c5 23. Nc6 Nfe8 24. e5 Kh7 25. Bf8 cxb4 26. cxb4 Ne6 27. Be7
a5 28. b5 Rc8 29. Rd7 N8c7 30. a4 Kg8 31. Be4 Bg7 32. Bd6 Bf8 33. g3 Nc5 34.
Rxc7 Rxc7 35. Bxc7 Nxe4 36. Bxb6 Bc5 37. Bxc5 Nxc5 38. b6 Nb7 39. Kf1 Kf8 40.
Ke2 Ke8 41. Kd3 Kd7 42. Nd4 Nc5+ 43. Kc4 Ne6 44. Nxe6 fxe6 45. Kb5 1-0

[Event "St-Jean CC-ch 2003-04"]
[Site "St-Jean-sur-Richelieu CAN"]
[Date "2004.03.13"]
[Round "5"]
[White "Philipps, Sacha"]
[Black "Morin, Gaetan"]
[Result "1-0"]
[WhiteElo "1362"]
[BlackElo "1697"]
[PlyCount "51"]
[EventDate "2003.11.26"]
[EventType "swiss"]
[EventRounds "6"]
[EventCountry "CAN"]

1. e4 c5 2. f4 d5 3. exd5 Qxd5 4. Nc3 Qd8 5. Bc4 Nf6 6. h3 b6 7. Qf3 Qc7 8.
Qxa8 Bb7 9. Bb5+ Nfd7 10. Bxd7+ Kxd7 11. Qxa7 Nc6 12. Qa4 Kc8 13. d3 g6 14. Bd2
Bg7 15. O-O-O Nb4 16. Nb5 Qb8 17. Nf3 Rd8 18. Na7+ Kc7 19. Bxb4 cxb4 20. Nb5+
Kc8 21. Qxb4 Bc6 22. Nc3 Bxf3 23. gxf3 Rd4 24. Qxe7 Qxf4+ 25. Kb1 Rb4 26. a3
1-0

[Event "St-Jean CC-ch 2003-04"]
[Site "St-Jean-sur-Richelieu CAN"]
[Date "2004.04.04"]
[Round "6"]
[White "Audet, Michel"]
[Black "Barre, Michel"]
[Result "0-1"]
[WhiteElo "1699"]
[BlackElo "1927"]
[PlyCount "94"]
[EventDate "2003.11.26"]
[EventType "swiss"]
[EventRounds "6"]
[EventCountry "CAN"]

1. e4 c5 2. d4 cxd4 3. c3 dxc3 4. Nxc3 Nc6 5. Bf4 d6 6. Nf3 e5 7. Bg5 Be7 8.
Be3 Nf6 9. h3 Qa5 10. Nd2 Be6 11. a3 a6 12. Be2 O-O 13. O-O Nd4 14. Bc4 Bxc4
15. Nxc4 Qc7 16. Qd3 Rac8 17. Nd2 Ne6 18. Rac1 Nc5 19. Qe2 Qd7 20. Rfd1 Qe6 21.
Bg5 Ncd7 22. Qe3 d5 23. exd5 Nxd5 24. Nxd5 Bxg5 25. Qxg5 Qxd5 26. Nc4 Qe6 27.
Rd6 Qe8 28. Rcd1 f6 29. Qg4 f5 30. Qe2 Rc7 31. R1d5 e4 32. f3 Nc5 33. f4 Nd3
34. Rxd3 exd3 35. Qxd3 Qe4 36. Ne5 Rc1+ 37. Kf2 Qxf4+ 38. Nf3 Qe4 39. Qb3+ Kh8
40. Qf7 Rcc8 41. Qh5 f4 42. Ng5 Qe3+ 43. Kf1 Rc1+ 44. Rd1 Rxd1+ 45. Qxd1 h6 46.
Qh5 Qc1+ 47. Kf2 Qc5+ 0-1

[Event "St-Jean CC-ch 2003-04"]
[Site "St-Jean-sur-Richelieu CAN"]
[Date "2004.04.04"]
[Round "6"]
[White "Bellerose, Robert"]
[Black "Maxant, Joseph"]
[Result "0-1"]
[WhiteElo "1683"]
[BlackElo "1786"]
[PlyCount "74"]
[EventDate "2003.11.26"]
[EventType "swiss"]
[EventRounds "6"]
[EventCountry "CAN"]

1. c4 e6 2. Nc3 f5 3. g3 Nf6 4. Bg2 d5 5. cxd5 exd5 6. d4 c6 7. Nf3 Bd6 8. O-O
O-O 9. Re1 Nbd7 10. Qc2 Ne4 11. Nxe4 fxe4 12. Nd2 Qf6 13. f4 Qxd4+ 14. e3 Qf6
15. Rb1 Qh6 16. b3 Nf6 17. Bb2 Bd7 18. Rbd1 Bg4 19. Rc1 Rac8 20. a3 Nd7 21. b4
c5 22. b5 b6 23. h4 Qe6 24. Kh2 Nf6 25. Bf1 Rfe8 26. Nc4 d4 27. Nxd6 Qxd6 28.
Bc4+ Kh8 29. Qd2 Rcd8 30. Rc2 Bf3 31. exd4 cxd4 32. Bf7 Rf8 33. Rc6 Qe7 34. Be6
e3 35. Qb4 Qxb4 36. axb4 Bxc6 37. bxc6 Rd6 0-1

[Event "St-Jean CC-ch 2003-04"]
[Site "St-Jean-sur-Richelieu CAN"]
[Date "2004.04.04"]
[Round "6"]
[White "Boileau, Samuel"]
[Black "Denicourt, Bruno"]
[Result "1-0"]
[WhiteElo "1868"]
[BlackElo "1594"]
[PlyCount "73"]
[EventDate "2003.11.26"]
[EventType "swiss"]
[EventRounds "6"]
[EventCountry "CAN"]

1. d4 Nf6 2. c4 g6 3. Nc3 Bg7 4. e4 d6 5. Nf3 O-O 6. Bd3 e5 7. d5 Nbd7 8. Bd2
Nc5 9. Bc2 a5 10. O-O Nh5 11. Be3 Nf4 12. Qd2 g5 13. Ne2 Bg4 14. Nxf4 gxf4 15.
Bxc5 dxc5 16. h3 Bd7 17. Kh2 Kh8 18. Qc3 Qe7 19. g3 Ra6 20. Nh4 Qg5 21. Rg1 Rg8
22. Rae1 Rh6 23. Nf5 Bf6 24. g4 Bxf5 25. gxf5 Qh4 26. Rxg8+ Kxg8 27. Rg1+ Kf8
28. Rg2 Qh5 29. Qb3 f3 30. Rg3 Bg5 31. Qxb7 f6 32. Qc8+ Ke7 33. Qxc7+ Kf8 34.
Qxc5+ Kf7 35. Qc7+ Kf8 36. Qd8+ Kf7 37. Ba4 1-0

[Event "St-Jean CC-ch 2003-04"]
[Site "St-Jean-sur-Richelieu CAN"]
[Date "2004.04.04"]
[Round "6"]
[White "Philipps, Sacha"]
[Black "Mongeau, Diane"]
[Result "0-1"]
[WhiteElo "1362"]
[BlackElo "1937"]
[PlyCount "58"]
[EventDate "2003.11.26"]
[EventType "swiss"]
[EventRounds "6"]
[EventCountry "CAN"]

1. e4 c5 2. f4 Nc6 3. Bc4 e6 4. Nc3 g6 5. Nf3 Bg7 6. O-O Nge7 7. Be2 O-O 8. d3
a6 9. a4 b6 10. Qe1 Bb7 11. Nd1 Nd4 12. Nxd4 cxd4 13. Qb4 d6 14. c3 Rc8 15. Bd2
Nc6 16. Qa3 b5 17. Rc1 Qb6 18. c4 b4 19. Qa1 Na5 20. Qa2 Bxe4 21. Bxb4 Qxb4 22.
dxe4 Qd2 23. Nf2 Qxe2 24. Rfe1 Rxc4 25. Rxe2 Rxc1+ 26. Nd1 Rxd1+ 27. Kf2 d3 28.
Re1 Rd2+ 29. Ke3 Rc2 0-1